Sports Quiz

Random Sports Quiz
Score 0/29 Timer 10:00
0 Plays Today
Hint Answer % Correct
British, Blue and Black JerseySky
98%
KazakhstanAstana
81%
Green MMovistar
72.9%
French, Blue and BrownAG2R
71.4%
Car Rent CompanyEuropcar
68.8%
Russian, Red JerseyKatusha
66.9%
3 lettersBMC
63.9%
3 lettersFDJ
61.9%
French, Red JerseyCofidis
61.3%
Australian, Founded 2011Orica Green EDGE
57.1%
Light Green JerseyCannondale
49.4%
Dutch, Green and Black JerseyBelkin
43.5%
Dutch, French for 'holiday in the sun'Vacansoleil
39.7%
Belgian, 4 wordsOmega Pharma Quick Step
38.7%
Makes bike componentsShimano
30.3%
Hint Answer % Correct
Danish, BankingSaxotinkoff
27.4%
Spanish, Orange Jersey Euskadi
20.1%
Electronics CompanyGarmin Sharp
15.7%
Italian, Pink JerseyMerida
9.5%
9.5%
French, Green and White JerseySojasun
9.2%
Italian, Blue and White JerseyBardiani
7.9%
German, Blue and Black JerseyNetApp Endura
7.1%
LuxembourgRadioshack Leopard
5.9%
Italian, Black JerseyColombia
5.2%
Belgian, White and Blue Jersey Belisol
4.3%
Italian, Managed by Antonio CastanoAndroni Giocattoli
3.1%
Spanish, Dark Green Jersey Seguros
0.4%
British, Yellow and White JerseyFantini Selle
0.2%
Remove Ads.
Support Sporcle.
Get the best of Sporcle when you Go Orange. This ad-free experience offers more features, more stats, and more fun while also helping to support Sporcle. Thank you for becoming a member.

You're not logged in!

Compare scores with friends on all Sporcle quizzes.
OR
Log In

Show Comments

Extras

Created Oct 23, 2013ReportNominate
Tags:Cycling, Either, giro, team, tour, Vuelta

Top Quizzes Today


Score Distribution

Your Account Isn't Verified!

In order to create a playlist on Sporcle, you need to verify the email address you used during registration. Go to your Sporcle Settings to finish the process.

Report this User

Report this user for behavior that violates our Community Guidelines.

Details: